00273nam a2200109Ia 4500008004100000041000800041082002700049100001700076245002500093260003600118300000900154230411s9999 xx 000 0 und d aeng aMS/616.0754/EPS/B07439 aEpstein Owen aClinical Examination bMosby ElsevieraEdinburghc2008 a438p